Dynamics entrepreneurial development and management (Record no. 176831)

000 -LEADER
fixed length control field 00360nam a2200121Ia 4500
008 - FIXED-LENGTH DATA ELEMENTS--GENERAL INFORMATION
fixed length control field 220217s9999||||xx |||||||||||||| ||und||
082 ## - DEWEY DECIMAL CLASSIFICATION NUMBER
Classification number 658.421 DES
100 ## - MAIN ENTRY--PERSONAL NAME
Personal name Desai,Vasant
245 #0 - TITLE STATEMENT
Title Dynamics entrepreneurial development and management
260 ## - PUBLICATION, DISTRIBUTION, ETC.
Place of publication, distribution, etc. Himalaya publishing house
Name of publisher, distributor, etc. Mumbai
Date of publication, distribution, etc. 2007
300 ## - PHYSICAL DESCRIPTION
Other physical details 340
650 ## - SUBJECT ADDED ENTRY--TOPICAL TERM
Topical term or geographic name entry element ENTREPRENEURIAL MANAGEMENT
Holdings
Withdrawn status Lost status Damaged status Not for loan Collection code Home library Current library Date acquired Total Checkouts Full call number Barcode Date due Date last seen Date last checked out Price effective from Koha item type
        Electronics and Communication Engineering Central Library Central Library 02/18/2022 1 658.421 DES 12020 01/17/2024 01/17/2023 01/17/2023 02/18/2022 Books

Powered by Koha